000
00336nam a22001457a 4500
008
230706b ||||| |||| 00| 0 eng d
020
_a
9781618530400
041
_a
eng
080
_2
SECOND EDITION
_a
336.2
082
_a
336.2FER
100
_a
22
101
_a
MBE
245
_a
FINANCIAL ACCOUNTING
_c
FERRIS .R .K
942
_2
udc
_c
BK
999
_c
60105
_d
60105